MyGZULibrary

Analyzing moral issues / (Record no. 442)

MARC details
000 -LEADER
fixed length control field 01141cam a22002774a 4500
001 - CONTROL NUMBER
control field 15815706
003 - CONTROL NUMBER IDENTIFIER
control field GZU
005 - DATE AND TIME OF LATEST TRANSACTION
control field 20200827144124.0
008 - FIXED-LENGTH DATA ELEMENTS--GENERAL INFORMATION
fixed length control field 090714s2010 nyu b 001 0 eng
010 ## - LIBRARY OF CONGRESS CONTROL NUMBER
LC control number 2009028593
020 ## - INTERNATIONAL STANDARD BOOK NUMBER
International Standard Book Number 9780073386638 (alk. paper)
020 ## - INTERNATIONAL STANDARD BOOK NUMBER
International Standard Book Number 0073386634 (alk. paper)
040 ## - CATALOGING SOURCE
Original cataloging agency DLC
Transcribing agency DLC
Modifying agency DLC
050 00 - LIBRARY OF CONGRESS CALL NUMBER
Classification number BJ1031
Item number .BOS 2008
100 1# - MAIN ENTRY--PERSONAL NAME
Personal name Boss, Judith A.,
Dates associated with a name 1942-
Relator term author
245 10 - TITLE STATEMENT
Title Analyzing moral issues /
Statement of responsibility, etc. Judith A. Boss.
250 ## - EDITION STATEMENT
Edition statement 5th ed.
260 ## - PUBLICATION, DISTRIBUTION, ETC.
Place of publication, distribution, etc. New York, NY :
Name of publisher, distributor, etc. McGraw-Hill Higher Education,
Date of publication, distribution, etc. c2010.
300 ## - PHYSICAL DESCRIPTION
Extent xiv, 700p. ;
Dimensions 23 cm.
500 ## - GENERAL NOTE
General note Includes bibliographical references and index.
504 ## - BIBLIOGRAPHY, ETC. NOTE
Bibliography, etc. note Includes bibliographical references and index.
505 0# - FORMATTED CONTENTS NOTE
Formatted contents note Moral theory -- Abortion -- Genetic engineering, cloning, and stem cell research -- Euthanasia and assisted suicide -- The death penalty -- Drug and alcohol use -- Sexual intimacy and marriage -- Feminism, motherhood, and the workplace -- Freedom of speech -- Racial discrimination and global justice.
650 #0 - SUBJECT ADDED ENTRY--TOPICAL TERM
Topical term or geographic name entry element Ethical problems.
650 #0 - SUBJECT ADDED ENTRY--TOPICAL TERM
Topical term or geographic name entry element Applied ethics.
942 ## - ADDED ENTRY ELEMENTS (KOHA)
Source of classification or shelving scheme Library of Congress Classification
Koha item type Books
Edition 4th ed.
Classification part 1031
Item part BOS
Call number prefix BJ
Holdings
Withdrawn status Lost status Source of classification or shelving scheme Damaged status Not for loan Collection code Home library Current library Shelving location Date acquired Total Checkouts Full call number Barcode Date last seen Date last checked out Copy number Price effective from Koha item type Source of acquisition Inventory number
    Library of Congress Classification     Non-fiction City Campus Library City Campus Library General Stacks 02/13/2007 1 BJ1031 BOS 2008 B016518 11/16/2022 11/02/2022 c. 1 08/27/2020 Books    
    Library of Congress Classification     Non-fiction City Campus Library City Campus Library General Stacks 08/31/2020   BJ1031 BOS 2008 008901 08/31/2020   c. 2 08/31/2020 Books    
    Library of Congress Classification     Non-fiction City Campus Library City Campus Library General Stacks 09/29/2010   BJ1031 BOS 2008 013335 11/17/2020   c. 3 11/17/2020 Books    
          Non-fiction Mashava Campus Library Mashava Campus Library General Stacks 05/04/2021   BJ1031 BOS 2008 9621 05/04/2021   C.4 05/04/2021 Books Purchase 9621
          Non-fiction Mashava Campus Library Mashava Campus Library General Stacks 05/04/2021   BJ1031 BOS 2008 B016532 05/04/2021   C.5 05/04/2021 Books Purchase B016532
          Non-fiction Mashava Campus Library Mashava Campus Library General Stacks 05/04/2021   BJ1031 BOS 2008 B016512 05/04/2021   C.6 05/04/2021 Books Purchase B016512
          Non-fiction Mashava Campus Library Mashava Campus Library General Stacks 05/04/2021   BJ1031 BOS 2008 B016315 05/04/2021   C.8 05/04/2021 Books Purchase B016315
    Library of Congress Classification     Non-fiction Mashava Campus Library Mashava Campus Library General Stacks 09/08/2021   BJ1031 BOS 2008 B016316 09/08/2021   C. 7 09/08/2021 Books   9621